<?xml version='1.0' encoding='UTF-8'?>
  <record xmlns="http://www.loc.gov/MARC21/slim">
    <leader>00000cam a2200000 i 4500</leader>
    <controlfield tag="001">ocn901246740</controlfield>
    <controlfield tag="003">OCoLC</controlfield>
    <controlfield tag="005">20250512163724.2</controlfield>
    <controlfield tag="008">150127s1598    gw            000 0 dut d</controlfield>
    <datafield tag="040" ind1=" " ind2=" ">
      <subfield code="a">NLGGC</subfield>
      <subfield code="b">dut</subfield>
      <subfield code="e">fobidrtb</subfield>
      <subfield code="c">NLGGC</subfield>
      <subfield code="d">QGJ</subfield>
      <subfield code="d">OCLCO</subfield>
      <subfield code="d">OCLCQ</subfield>
      <subfield code="d">OCLCL</subfield>
      <subfield code="d">OCLCQ</subfield>
      <subfield code="d">OCLCL</subfield>
    </datafield>
    <datafield tag="029" ind1="0" ind2=" ">
      <subfield code="a">NLGGC</subfield>
      <subfield code="b">388327375</subfield>
    </datafield>
    <datafield tag="035" ind1=" " ind2=" ">
      <subfield code="a">(OCoLC)901246740</subfield>
    </datafield>
    <datafield tag="041" ind1="1" ind2=" ">
      <subfield code="a">dut</subfield>
      <subfield code="h">lat</subfield>
    </datafield>
    <datafield tag="082" ind1="0" ind2="4">
      <subfield code="a">133.4</subfield>
      <subfield code="q">OCoLC</subfield>
      <subfield code="2">22/eng/20230216</subfield>
      <subfield code="1">https://id.oclc.org/worldcat/ddc/E3FkFb37h9hgJCDQp3b6qYkw3K</subfield>
    </datafield>
    <datafield tag="100" ind1="1" ind2=" ">
      <subfield code="a">Remy, Nicolas,</subfield>
      <subfield code="d">1530-1612.</subfield>
      <subfield code="1">https://id.oclc.org/worldcat/entity/E39PBJfWVJcdFwrHVw4Pj49MT3</subfield>
    </datafield>
    <datafield tag="245" ind1="1" ind2="0">
      <subfield code="a">Daemonolatria, das ist von Unholden und Zauber Geistern /</subfield>
      <subfield code="c">dess ... Herren Nicolai Remigii ... von wegen vielfältiger wunderbarlichen Historien so sich mit den Hexen, deren uber die acht hundert in gedachtem Hertzogthumb Lotharingen verbrännt worden, zugetragen ... ; aus dem Latein in Hoch Teutsch ubers. durch Teucridem Annaeum Privatum.</subfield>
    </datafield>
    <datafield tag="246" ind1="3" ind2=" ">
      <subfield code="a">Von Unholden und Zauber Geistern</subfield>
    </datafield>
    <datafield tag="260" ind1=" " ind2=" ">
      <subfield code="a">Franckfurt :</subfield>
      <subfield code="b">bey Cratandro Palthenio,</subfield>
      <subfield code="c">1598.</subfield>
    </datafield>
    <datafield tag="300" ind1=" " ind2=" ">
      <subfield code="a">[8], 488 p. ;</subfield>
      <subfield code="c">in-8 (17 cm)</subfield>
    </datafield>
    <datafield tag="336" ind1=" " ind2=" ">
      <subfield code="a">tekst</subfield>
      <subfield code="b">txt</subfield>
      <subfield code="2">rdacontent/dut</subfield>
    </datafield>
    <datafield tag="337" ind1=" " ind2=" ">
      <subfield code="a">zonder medium</subfield>
      <subfield code="b">n</subfield>
      <subfield code="2">rdamedia/dut</subfield>
    </datafield>
    <datafield tag="338" ind1=" " ind2=" ">
      <subfield code="a">band</subfield>
      <subfield code="b">nc</subfield>
      <subfield code="2">rdacarrier/dut</subfield>
    </datafield>
    <datafield tag="500" ind1=" " ind2=" ">
      <subfield code="a">Impressum: 1598. Franckfurt bey Cratandro Palthenio.</subfield>
    </datafield>
    <datafield tag="500" ind1=" " ind2=" ">
      <subfield code="a">Collatieformule: ):(⁴ A-2G⁸ 2H⁴.</subfield>
    </datafield>
    <datafield tag="510" ind1="4" ind2=" ">
      <subfield code="a">Verzeichnis der im deutschen Sprachbereich erschienenen Drucke des XVI. Jahrhunderts (VD 16) ,</subfield>
      <subfield code="c">R 1093</subfield>
    </datafield>
    <datafield tag="650" ind1=" " ind2="0">
      <subfield code="a">Demonology</subfield>
      <subfield code="z">France</subfield>
      <subfield code="z">Lorraine.</subfield>
    </datafield>
    <datafield tag="650" ind1=" " ind2="0">
      <subfield code="a">Witchcraft</subfield>
      <subfield code="z">France</subfield>
      <subfield code="z">Lorraine.</subfield>
    </datafield>
    <datafield tag="650" ind1=" " ind2="6">
      <subfield code="a">Démonologie</subfield>
      <subfield code="z">France</subfield>
      <subfield code="z">Lorraine.</subfield>
    </datafield>
    <datafield tag="650" ind1=" " ind2="6">
      <subfield code="a">Sorcellerie</subfield>
      <subfield code="z">France</subfield>
      <subfield code="z">Lorraine.</subfield>
    </datafield>
    <datafield tag="650" ind1=" " ind2="7">
      <subfield code="a">Demonology.</subfield>
      <subfield code="2">fast</subfield>
      <subfield code="0">(OCoLC)fst00890199</subfield>
    </datafield>
    <datafield tag="650" ind1=" " ind2="7">
      <subfield code="a">Witchcraft.</subfield>
      <subfield code="2">fast</subfield>
      <subfield code="0">(OCoLC)fst01176327</subfield>
    </datafield>
    <datafield tag="651" ind1=" " ind2="7">
      <subfield code="a">France</subfield>
      <subfield code="z">Lorraine.</subfield>
      <subfield code="2">fast</subfield>
      <subfield code="0">(OCoLC)fst01216150</subfield>
    </datafield>
    <datafield tag="700" ind1="1" ind2=" ">
      <subfield code="a">Privatus, Teucrius Annaeus,</subfield>
      <subfield code="c">pseud. van Johann Adam Lonitzer,</subfield>
      <subfield code="d">1557-ca. 1610.</subfield>
      <subfield code="4">trl</subfield>
    </datafield>
    <datafield tag="700" ind1="0" ind2=" ">
      <subfield code="a">Rudolf</subfield>
      <subfield code="b">II,</subfield>
      <subfield code="c">Rooms-Duits keizer.</subfield>
      <subfield code="4">cns</subfield>
    </datafield>
    <datafield tag="700" ind1="1" ind2=" ">
      <subfield code="a">Gernandt von Schwalbach.</subfield>
      <subfield code="4">dte</subfield>
    </datafield>
    <datafield tag="710" ind1="0" ind2=" ">
      <subfield code="a">Palthenius, Zacharias (Frankfort a.M.)</subfield>
      <subfield code="4">prt</subfield>
      <subfield code="0">(NL-LeOCL)077154533</subfield>
    </datafield>
    <datafield tag="758" ind1=" " ind2=" ">
      <subfield code="a">Daemonolatria, das ist von Unholden und Zauber Geistern (Text)</subfield>
      <subfield code="1">https://id.oclc.org/worldcat/entity/E39PCGkHDRFGxy9d6dyqYKG8RX</subfield>
      <subfield code="4">https://id.oclc.org/worldcat/ontology/hasWork</subfield>
    </datafield>
    <datafield tag="936" ind1=" " ind2=" ">
      <subfield code="a">BATCHLOAD</subfield>
    </datafield>
  </record>